000
00304nam a2200121 a 4500
005
20140414132039.0
008
110322s19uu xx 00 eng d
050
_a
TR
_b
T72 2002
100
_a
Depaola, Tomie
245
_a
T-Rex is missing.
260
_a
New York :
_b
Scholastic ,
_c
2002.
999
_c
113799
_d
113799